Sanat - "Pyhä toimitus" - Juice Leskinen - Statistics

Yleistilastot
  • Tätä visaa on pelattu 36 kertaa
  • Keskiarvotulos 78 / 105
Vastaustilastot
Vastaus % Oikein
elämä
100%
ja
100%
100%
Niin
100%
niin
100%
on
100%
On
100%
Ota
100%
se
100%
juo
93%
mun
93%
rauhoitun
93%
viini
93%
Anna
87%
ruumiisi
87%
87%
tuo
87%
elämää
80%
Sun
80%
emme
73%
kyliin
73%
lähemmäksi
73%
Luodut
73%
me
73%
Me
73%
olleet
73%
otsaani
73%
syliin
73%
toisillemme
73%
väsyin
73%
viilentää
73%
avoin
67%
hyvin
67%
kaiken
67%
kaikki
67%
kätes
67%
kun
67%
Maailman
67%
miljoonin
67%
näin
67%
Näin
67%
Oot
67%
pääsen
67%
Pääsen
67%
tämä
67%
tärkeää
67%
tavoin
67%
Kyynel
60%
liikun
60%
lisään
60%
loimme
60%
sisään
60%
taas
60%
valuu
60%
voimaani
60%
alkaa
53%
lähempänä
53%
painaudu
53%
paluu
53%
Sano
53%
tähän
53%
jotain
47%
Katveessa
47%
näät
47%
rauhoittuneen
47%
sotain
47%
vähän
47%
hämärää
40%
oomme
40%
uneen
40%
ihollamme
33%
Mua
33%
Naura
27%
Vaivut
27%
kiskot
20%
Ehtoja vastaavia visoja ei löytynyt
Tulosjakauma
Jokaisen tuloksen saaneiden osuus
Persentiili vastausten määrän mukaan
Tuloshistoriasi
Et ole pelannut tätä visaa